000 00661nam a2200253Ia 4500
005 20260121155351.0
008 008 260114s9999 xx 000 0 eng d
020 _a9781003027324
037 _aEBOOK
040 _aCRL
040 _beng
040 _cCRL
041 _2eng
041 _aeng
084 _qCRL
100 _a Tomasz Tomaszek
_91018637
245 0 _aAuthenticity in the Preservation of Historical Wooden Architecture - Problems and Challenges
260 _bTaylor and Francis
260 _c2020
856 _uhttp://www.taylorfrancis.com/books/9781003027324
942 _cEBOOK
999 _c1585456
_d1585456